00573nam a2200193Ia 450000500170000000800410001702000130005808200160007124500420008726000350012930000130016465000140017770000240019170000220021570000240023794200060026195200970026799900150036420240416034930.0240331s9999 xx 000 0 und d a01417789 bCITa323.6. 0aCitizenship :bpushing the boundaries aNew York :bRoutledge / c1997 a190 p ., aFeminisum aCrowley, Heleneedt aLewis, Gail.eedt aWerbner, Pninaeedt cL 001040708LaWERCLbWERCLcSSCd2024-03-31l0o 323.6 CITp2699r2024-03-31w2024-03-31yL c2522d2522